DISCRETE MATHEMATICS (Record no. 216649)

MARC details
000 -LEADER
fixed length control field 00476nam a22001817a 4500
008 - FIXED-LENGTH DATA ELEMENTS--GENERAL INFORMATION
fixed length control field 260225b |||||||| |||| 00| 0 eng d
020 ## - INTERNATIONAL STANDARD BOOK NUMBER
International Standard Book Number 978-0-321-96468-7
050 ## - LIBRARY OF CONGRESS CALL NUMBER
Classification number QA 39.3 .J 64 2018
100 ## - MAIN ENTRY--PERSONAL NAME
Personal name JOHNSONBAUGH, RICHARD
245 ## - TITLE STATEMENT
Title DISCRETE MATHEMATICS
250 ## - EDITION STATEMENT
Edition statement 8
260 ## - PUBLICATION, DISTRIBUTION, ETC.
Place of publication, distribution, etc. NEW YORK,
Name of publisher, distributor, etc. PEARSON EDUCATION, INC,
Date of publication, distribution, etc. 2018,
300 ## - PHYSICAL DESCRIPTION
Extent XIX,747P, ILL
500 ## - GENERAL NOTE
General note INCLUDES AN INDEX
650 ## - SUBJECT ADDED ENTRY
Topical term or geographic name entry element MATHEMATICS
942 ## - ADDED ENTRY ELEMENTS (KOHA)
Source of classification or shelving scheme Library of Congress Classification
Koha item type Long Loan Book
Holdings
Withdrawn status Lost status Source of classification or shelving scheme Damaged status Not for loan Collection Home library Current library Shelving location Date acquired Inventory number Total checkouts Full call number Barcode Date last seen Copy number Price effective from Koha item type
    Library of Congress Classification     Science & Technology Kisii University Library Kisii University Library On Display 02/25/2026 111294   QA 39.3 ..J64 2018 A000492 02/25/2026 C.1 02/25/2026 Long Loan Book
    Library of Congress Classification     Science & Technology Kisii University Library Kisii University Library On Display 02/25/2026 111295   QA 39.3 ..J64 2018 A000510 02/25/2026 C.2 02/25/2026 Long Loan Book
    Library of Congress Classification     Science & Technology Kisii University Library Kisii University Library On Display 02/25/2026 111296   QA 39.3 ..J64 2018 A000508 02/25/2026 C.3 02/25/2026 Long Loan Book
    Library of Congress Classification     Science & Technology Kisii University Library Kisii University Library On Display 02/25/2026 111297   QA 39.3 .J64 2018 A000491 02/25/2026 C.4 02/25/2026 Long Loan Book
    Library of Congress Classification     Science & Technology Kisii University Library Kisii University Library On Display 02/25/2026 111298   QA 39.3 .J64 2018 A000509 02/25/2026 C.5 02/25/2026 Long Loan Book